Statistics for Tallest Mountain In Each State

Click here to take the quiz!

General Stats

  • This quiz has been taken 16 times
  • The average score is 26 of 50

Answers on the Map

Answers color-coded by a green-red scale on the quiz's map according to % correct below.
 

Answer Stats

Answer% Correct
11249-Mount Hood
83%
13803-Mauna Kea
83%
14417-Mount Rainier
83%
14505-Mount Whitney
83%
1951-Timms Hill
83%
20310-Denali
83%
12367-Humphreys Peak
67%
1257-Hoosier Hill
67%
14440-Mount Elbert
67%
1671-Hawkeye Point
67%
2753-Mount Magazine
67%
345-Britton Hill
67%
4041-Mount Sunflower
67%
6288-Mount Washington
67%
6643-Clingmans Dome
67%
6684-Mount Mitchell
67%
7244-Black Elk Peak
67%
8751-Guadalupe Peak
67%
1235-Charles Mound
50%
12668-Borah Peak
50%
13167-Wheeler Peak
50%
13534-Kings Peak
50%
13809-Gannett Peak
50%
1803-High Point
50%
2413-Cheaha Mountain
50%
3213-Mount Davis
50%
3560-Sassafras Mountain
50%
4395-Mount Mansfield
50%
4863-Spruce Knob
50%
5343-Mount Marcy
50%
5729-Mount Rogers
50%
811-Jerimoth Hill
50%
12807-Granite Peak
33%
13147-Boundary Peak
33%
1549-Campbell Hill
33%
1772-Taum Sauk Mountain
33%
1979-Mount Avron
33%
2302-Eagle Mountain
33%
3360-Hoye-Crest
33%
3508-White Butte
33%
4145-Black Mountain
33%
447-Ebright Azimuth
33%
4794-Brasstown Bald
33%
4975-Black Mesa
33%
5270-Mount Katahdin
33%
535-Driskill Mountian
33%
5427-Panorama Point
33%
807-Woodall Moiuntain
33%
2379-Mount Frissell
17%
3389-Mount Greylock
17%

Score Distribution

Percentile by Number Answered

Percent of People with Each Score

Your Score History

You have not taken this quiz